[Event "Nizhnij Novgorod-ch 61st"]
[Site "Nizhnij Novgorod"]
[Date "2009.03.??"]
[Round "?"]
[White "Sukhinin, Anatoly"]
[Black "Kalinin, Yury"]
[Result "0-1"]
[WhiteElo "1834"]
[BlackElo "2125"]
[PlyCount "114"]
[EventDate "2009.03.06"]
[EventType "swiss"]
[EventRounds "9"]
[EventCountry "RUS"]
[SourceTitle "EXT 2010"]
[Source "ChessBase"]
[SourceDate "2010.11.25"]
[SourceVersion "1"]
[SourceVersionDate "2010.11.25"]
[SourceQuality "1"]

1. Nf3 Nf6 2. c4 e6 3. Nc3 d5 4. e3 Be7 5. Qb3 0-0 6. d4 b6 7. Be2 dxc4 8. Bxc4 Nc6 9. Bd3 Nb4 10. Be2 Ba6 11. Bxa6 Nxa6 12. 0-0 c5 13. a3 Nc7 14. Rd1 Qc8 15. Ne5 Qb7 16. dxc5 Bxc5 17. Na4 Na6 18. Bd2 Rfd8 19. Bb4 Nxb4 20. axb4 Be7 21. b5 Rd5 22. Nc6 Bf8 23. Rxd5 Nxd5 24. h3 a6 25. Nc3 Nc7 26. Nd4 axb5 27. Rxa8 Qxa8 28. Ndxb5 Na6 29. Na3 Nb4 30. Nc2 Qa5 31. Nxb4 Bxb4 32. Qa4 Kf8 33. Qd1 Ke7 34. Qc1 Qc5 35. Qd2 Qa5 36. Qc1 f5 37. e4 Bxc3 38. bxc3 fxe4 39. Qe3 Qa1+ 40. Kh2 Qb1 41. Qd4 Kf7 42. g4 Qd3 43. Qxb6 Qxc3 44. Qb7+ Kf6 45. Qxe4 Qe5+ 46. Qxe5+ Kxe5 47. Kg3 g5 48. Kf3 Kd4 49. h4 h6 50. hxg5 hxg5 51. Ke2 Ke4 52. f3+ Kf4 53. Kf2 e5 54. Ke2 e4 55. fxe4 Kxe4 56. Kf2 Kf4 57. Kg2 Kxg4 0-1